Statystyki dla Kraje uczestniczące w Mundialu 2022

Kliknij tutaj aby rozwiązać quiz!

Ogólne statystyki

  • Ten quiz został rozwiązany 52 razy
  • Średni wynik to 28 z 32

Statystyki odpowiedzi

GrupyKraj% Poprawnych
Grupa CArabia Saudyjska
100%
Grupa CArgentyna
100%
Grupa DFrancja
100%
Grupa AKatar
100%
Grupa CMeksyk
100%
Grupa CPolska
100%
Grupa GBrazylia
96%
Grupa AHolandia
96%
Grupa EJaponia
96%
Grupa HPortugalia
96%
Grupa BAnglia
93%
Grupa EHiszpania
93%
Grupa FMaroko
93%
Grupa ENiemcy
93%
Grupa BUSA
93%
Grupa FBelgia
91%
Grupa FKanada
91%
Grupa DDania
89%
Grupa AEkwador
89%
Grupa HKorea Południowa
89%
Grupa DAustralia
84%
Grupa HGhana
84%
Grupa ASenegal
84%
Grupa FChorwacja
82%
Grupa BIran
82%
Grupa HUrugwaj
82%
Grupa BWalia
82%
Grupa GSzwajcaria
78%
Grupa EKostaryka
76%
Grupa GSerbia
71%
Grupa GKamerun
67%
Grupa DTunezja
67%

Rozkład punktacji

Percentyl według liczby udzielonych odpowiedzi

Procent ludzi z każdym wynikiem

Twoja historia wyników

Nie rozwiązałeś tego quizu